Städte Sachsen-Anhalts - Sudden Death - Statistiken

Allgemein
  • Dieses Quiz wurde 505 mal gespielt
    153 seit der letzten Aktualisierung
  • Das Durchschnittsergebnis liegt bei 6 aus 15
Answers on the Grid
Answers color-coded by a green-red scale on the quiz's grid according to % correct below.
Halle
Straßfurt
Eschersleben
Halberstadt
Stendal
Oebisfelde-Wefensleben
Harzberg
Naumburg (Saale)
Wittenburg
Wernigerode
Mügeln
Bernburg
Weißenfels
Tangerstadt
Zerbst
Jessen
Osterwieck
Bad Dürkheim
Halbersleben
Schönebeck
Möckern
Salzkotten
Klötze
Schkeuditz
Osterburken
Mühlhausen
Genthin
Bördeleben
Querfurt
Kölleda
 
Antwortstatistiken
Antwort % Korrekt
Halle
71%
Wernigerode
55%
Halberstadt
53%
Stendal
52%
Naumburg (Saale)
47%
Querfurt
42%
Weißenfels
42%
Zerbst
39%
Bernburg
37%
Genthin
31%
Schönebeck
27%
Jessen
21%
Klötze
15%
Möckern
13%
Osterwieck
10%
Keine übereinstimmenden Quizze gefunden
Verteilung der Resultate
Anzahl Personen mit jedem Resultat
Perzentil nach korrekt beantworteten Fragen
Ihre Resultats-Entwicklung
Sie haben dieses Quiz seit der letzten Aktualisierung nicht gespielt